| 000 | 00530nam a22001817a 4500 | ||
|---|---|---|---|
| 003 | OSt | ||
| 005 | 20140310182945.0 | ||
| 008 | 130205t xxu||||| |||| 00| 0 eng d | ||
| 020 | _a9710489367 | ||
| 050 |
_aKPM 3110 _b.C46 2008 |
||
| 100 | _aCeñido, Dante Yson | ||
| 245 |
_aPhilippine transfer and business taxation including other taxes / _cDante Yson Ceñido |
||
| 260 |
_a[Manila : _bConanan Educational Supply, _c2008. |
||
| 300 |
_a349 p. : _bill. ; _c23 cm. |
||
| 521 | _aBSA | ||
| 942 |
_2lcc _cBK _kLOC |
||
| 999 |
_c17796 _d17796 |
||